00393 a2200121 4500001001000000005001700010008004100027245004400068100004300112700002300155773007600178999001700254ART_4185520260410162024.0260409a 10aPrivaciones múltiples en la Argentina1 aArévalo Wierna, Carla de los Angeles1 aPaz, Jorge Augusto0 tNotas de poblacióng- Año XLIII, Nº 103 (jul./dic. 2016)wREV41841 c33361d33361